[Event "30th Capablanca Memorial"]
[Site "Matanzas City CUB"]
[Date "1995.??.??"]
[Round "1"]
[White "Hoffman, Alejandro"]
[Black "Zapata Ramirez, Alonso"]
[Result "1-0"]
[WhiteElo "2515"]
[BlackElo "2535"]
[EventDate "1995.05.??"]
[PlyCount "81"]

1.e4 c5 2.Nf3 e6 3.Qe2 Nc6 4.g3 Nge7 5.Bg2 d5 6.d3 g6 7.h4 h6 8.c3 Bg7 9.
O-O b6 10.e5 a5 11.a4 Ra7 12.Na3 Rd7 13.Nb5 O-O 14.Bf4 Nf5 15.Rfe1 Bb7 16.
d4 Ba6 17.Qd2 Kh7 18.Bf1 cxd4 19.cxd4 Nb4 20.Rac1 Qe7 21.Rc3 Rc8 22.Nd6 
Rxc3 23.bxc3 Bxf1 24.Rxf1 Nc6 25.Rb1 Qd8 26.Qd3 Nce7 27.Nxf7 Qf8 28.Nd6 
Nxd6 29.exd6 Nc8 30.h5 Qf5 31.hxg6+ Qxg6 32.Qxg6+ Kxg6 33.Ne5+ Bxe5 34.
dxe5 h5 35.Kg2 Rb7 36.Be3 Kf5 37.Bd4 h4 38.Kf3 hxg3 39.fxg3 Rf7 40.g4+ 
Kg6+ 41.Kg3 1-0

[Event "30th Capablanca Memorial"]
[Site "Matanzas City CUB"]
[Date "1995.??.??"]
[Round "2"]
[White "Borges Matos, Juan"]
[Black "Sorin, Ariel"]
[Result "0-1"]
[WhiteElo "2400"]
[BlackElo "2505"]
[EventDate "1995.05.??"]
[PlyCount "88"]

1.d4 Nf6 2.c4 g6 3.Nc3 Bg7 4.Nf3 O-O 5.Bf4 d6 6.h3 Nfd7 7.e3 e5 8.Bh2 Nc6 
9.Be2 Kh8 10.O-O f5 11.Qd2 e4 12.Ne1 Nf6 13.Nc2 g5 14.b4 Ne7 15.f3 exf3 
16.Rxf3 h5 17.Raf1 h4 18.Qe1 Kg8 19.Bd3 Bd7 20.c5 d5 21.Be5 Nh5 22.Bxg7 
Kxg7 23.Ne2 Kh6 24.g3 hxg3 25.Nxg3 Ng7 26.Qd2 Ng6 27.Ne1 Nh4 28.R3f2 c6 
29.Ng2 Qc7 30.Ne2 Ng6 31.h4 Qd8 32.Ng3 Nxh4 33.e4 Nxg2 34.exf5 Nh4 35.f6 
Nh5 36.Rh2 Qc7 37.Ne2 Rxf6 38.Rxf6+ Nxf6 39.Rxh4+ Nh5 40.Bb1 Rf8 41.Qd3 
Bf5 42.Qf3 gxh4 43.Bxf5 Qg7+ 44.Kh2 Qg5 0-1

[Event "30th Capablanca Memorial"]
[Site "Matanzas City CUB"]
[Date "1995.??.??"]
[Round "2"]
[White "Garcia, Gildardo"]
[Black "Rodriguez Cespedes, Amador"]
[Result "1/2-1/2"]
[WhiteElo "2520"]
[BlackElo "2520"]
[EventDate "1995.05.??"]
[PlyCount "122"]

1.e4 e5 2.Nf3 Nc6 3.Bb5 a6 4.Ba4 Nf6 5.O-O Be7 6.Bxc6 dxc6 7.d3 Nd7 8.Nbd2
O-O 9.Nc4 f6 10.Nh4 Nc5 11.Qf3 Rf7 12.Nf5 Bf8 13.Be3 Ne6 14.Rad1 c5 15.c3 
Qe8 16.Rfe1 Kh8 17.h4 a5 18.Bc1 Ra6 19.g3 a4 20.Kg2 b5 21.Nd2 g6 22.Ne3 h5
23.Qe2 Rd6 24.Nf3 Qd8 25.Nc2 Rfd7 26.d4 c6 27.d5 cxd5 28.Rxd5 Rxd5 29.exd5
Nc7 30.c4 Ba6 31.Qe4 Kh7 32.b3 axb3 33.axb3 bxc4 34.bxc4 Ne8 35.Ne3 Nd6 
36.Qc2 Bh6 37.Nd2 Qa5 38.Bb2 Rb7 39.Bc3 Qb6 40.Rb1 Qd8 41.Ra1 Ra7 42.Kh2 
Ra8 43.Ba5 Qc8 44.Ne4 Nxe4 45.Qxe4 Bb7 46.f4 exf4 47.Qe7+ Kg8 48.d6 fxe3 
49.d7 Qc6 50.d8=Q+ Rxd8 51.Qxd8+ Bf8 52.Qd5+ Qxd5 53.cxd5 Bxd5 54.Re1 Bh6 
55.Bb6 Bf3 56.Bxc5 e2 57.Bb4 Kf7 58.Ra1 f5 59.Ra7+ Ke6 60.Ra6+ Kf7 61.Ra7+
Ke6 1/2-1/2

[Event "30th Capablanca Memorial"]
[Site "Matanzas City CUB"]
[Date "1995.??.??"]
[Round "3"]
[White "Arencibia Rodriguez, Walter"]
[Black "Garcia, Gildardo"]
[Result "1/2-1/2"]
[WhiteElo "2435"]
[BlackElo "2520"]
[EventDate "1995.05.??"]
[PlyCount "44"]

1.d4 Nf6 2.c4 e6 3.Nc3 d5 4.cxd5 exd5 5.Bg5 c6 6.e3 Nbd7 7.Bd3 Be7 8.Qc2 
O-O 9.Nf3 Re8 10.O-O Nf8 11.Rae1 Ne4 12.Bxe7 Qxe7 13.Bxe4 dxe4 14.Nd2 b6 
15.Qa4 a5 16.Qxc6 Bb7 17.Qxb6 Ba6 18.Ndxe4 Bxf1 19.Rxf1 Qb4 20.Nd5 Qxb6 
21.Nxb6 Ra6 22.Nd6 Re6 1/2-1/2

[Event "30th Capablanca Memorial"]
[Site "Matanzas City CUB"]
[Date "1995.??.??"]
[Round "4"]
[White "Borges Matos, Juan"]
[Black "Rodriguez Cespedes, Amador"]
[Result "1/2-1/2"]
[WhiteElo "2400"]
[BlackElo "2520"]
[EventDate "1995.05.??"]
[PlyCount "54"]

1.d4 Nf6 2.c4 e6 3.Nf3 b6 4.g3 Bb4+ 5.Bd2 Be7 6.Bg2 c6 7.O-O d5 8.Qc2 O-O 
9.Bf4 Bb7 10.Nbd2 Na6 11.Rac1 c5 12.Rfd1 Rc8 13.dxc5 Nxc5 14.b4 Ncd7 15.
Qb2 Re8 16.Ne5 Nh5 17.Nd3 Nxf4 18.Nxf4 Nf6 19.cxd5 Rxc1 20.Qxc1 exd5 21.
Ne4 Nxe4 22.Bxe4 Bg5 23.Bf3 Qd6 24.Qd2 Bxf4 25.Qxf4 Qxf4 26.gxf4 Kf8 27.
Kf1 Rc8 1/2-1/2

[Event "30th Capablanca Memorial"]
[Site "Matanzas City CUB"]
[Date "1995.??.??"]
[Round "5"]
[White "Rodriguez Cespedes, Amador"]
[Black "Sorin, Ariel"]
[Result "1/2-1/2"]
[WhiteElo "2520"]
[BlackElo "2505"]
[EventDate "1995.05.??"]
[PlyCount "125"]

1.e4 e5 2.Nf3 Nc6 3.Bb5 a6 4.Ba4 Nf6 5.O-O Nxe4 6.d4 b5 7.Bb3 d5 8.dxe5 
Be6 9.Nbd2 Nc5 10.c3 d4 11.Bxe6 Nxe6 12.cxd4 Ncxd4 13.Ne4 Be7 14.Be3 Nf5 
15.Qc2 O-O 16.Nf6+ Bxf6 17.Qxf5 Be7 18.Rfd1 Qc8 19.Rac1 Rd8 20.Rxd8+ Qxd8 
21.Qe4 c5 22.b3 Ra7 23.g3 g6 24.Kg2 Kg7 25.h4 h5 26.Rc2 Rd7 27.Qc6 Rd1 28.
Rd2 Rxd2 29.Nxd2 Nd4 30.Bxd4 cxd4 31.Ne4 d3 32.Nd6 f6 33.Qd5 Qg8 34.exf6+ 
Bxf6 35.Qxd3 Qe6 36.Ne4 Be7 37.Qd4+ Kh7 38.Nd2 Qc6+ 39.Qe4 Qd6 40.Nf1 Kg7 
41.Ne3 Bf6 42.Qb7+ Kh6 43.Qf7 Qc6+ 44.Nd5 Bg7 45.Kh2 Qc2 46.Ne7 Kh7 47.a3 
a5 48.a4 bxa4 49.bxa4 Qe4 50.Kg1 Qe1+ 51.Kg2 Qe4+ 52.Kh2 Qc2 53.Qf4 Be5 
54.Qf7+ Bg7 55.Qf4 Be5 56.Qe3 Bg7 57.Qb6 Qe4 58.Qd8 Qxa4 59.Qg8+ Kh6 60.
Qf7 Qc2 61.Ng8+ Kh7 62.Nf6+ Kh6 63.Ng8+ 1/2-1/2

[Event "30th Capablanca Memorial"]
[Site "Matanzas City CUB"]
[Date "1995.??.??"]
[Round "5"]
[White "Lima, Darcy"]
[Black "Cifuentes Parada, Roberto"]
[Result "1/2-1/2"]
[WhiteElo "2505"]
[BlackElo "2535"]
[EventDate "1995.05.??"]
[PlyCount "59"]

1.e4 c5 2.c3 e6 3.d4 d5 4.exd5 exd5 5.Be3 cxd4 6.Bxd4 Nc6 7.Nf3 Nxd4 8.
Nxd4 Bd6 9.Bb5+ Kf8 10.O-O Qf6 11.Re1 Ne7 12.Nd2 g6 13.Nf1 Kg7 14.Ne3 h5 
15.Qf3 a6 16.Ba4 Bg4 17.Qxf6+ Kxf6 18.Bb3 Rad8 19.Bxd5 Bxh2+ 20.Kxh2 Nxd5 
21.Nxg4+ hxg4+ 22.Kg3 Ne7 23.Kxg4 Nf5 24.Nxf5 gxf5+ 25.Kf3 Rd2 26.Re2 Rd3+
27.Re3 Rd2 28.Re2 Rd3+ 29.Re3 Rd2 30.Re2 1/2-1/2

[Event "30th Capablanca Memorial"]
[Site "Matanzas City CUB"]
[Date "1995.??.??"]
[Round "5"]
[White "Hoffman, Alejandro"]
[Black "Garcia, Gildardo"]
[Result "0-1"]
[WhiteElo "2515"]
[BlackElo "2520"]
[EventDate "1995.05.??"]
[PlyCount "48"]

1.e4 e5 2.Nf3 Nc6 3.Bb5 a6 4.Ba4 Nf6 5.Qe2 b5 6.Bb3 Be7 7.c3 O-O 8.O-O d5 
9.d3 Bb7 10.Rd1 Re8 11.Nbd2 Bf8 12.Nf1 h6 13.Ne3 Na5 14.Bc2 c5 15.a3 Nc6 
16.Nf5 Qc7 17.h3 Rad8 18.g4 c4 19.dxc4 dxe4 20.Nd2 Nd4 21.cxd4 exd4 22.Bb1
g6 23.Ng3 d3 24.Qe1 e3 0-1

[Event "30th Capablanca Memorial"]
[Site "Matanzas City CUB"]
[Date "1995.??.??"]
[Round "6"]
[White "Blanco Fernandez, Alvaro"]
[Black "Nogueiras Santiago, Jesus"]
[Result "1/2-1/2"]
[WhiteElo "2455"]
[BlackElo "2550"]
[EventDate "1995.05.??"]
[PlyCount "20"]

1.c4 c5 2.Nc3 g6 3.e3 Bg7 4.Nf3 Nf6 5.d4 O-O 6.Be2 cxd4 7.exd4 d5 8.O-O 
Nc6 9.Bg5 Be6 10.c5 Ne4 1/2-1/2

[Event "30th Capablanca Memorial"]
[Site "Matanzas City CUB"]
[Date "1995.??.??"]
[Round "6"]
[White "Lima, Darcy"]
[Black "Rodriguez Cespedes, Amador"]
[Result "1/2-1/2"]
[WhiteElo "2505"]
[BlackElo "2520"]
[EventDate "1995.05.??"]
[PlyCount "26"]

1.e4 e5 2.Nf3 Nc6 3.Nc3 Nf6 4.g3 Bc5 5.Bg2 d6 6.d3 a6 7.O-O Be6 8.Be3 Qd7 
9.d4 exd4 10.Nxd4 Bh3 11.Nd5 Nxd5 12.exd5 Bxg2 13.Kxg2 Nxd4 1/2-1/2

[Event "30th Capablanca Memorial"]
[Site "Matanzas City CUB"]
[Date "1995.??.??"]
[Round "7"]
[White "Hoffman, Alejandro"]
[Black "Borges Matos, Juan"]
[Result "0-1"]
[WhiteElo "2515"]
[BlackElo "2400"]
[EventDate "1995.05.??"]
[PlyCount "124"]

1.e4 c5 2.c3 e6 3.d4 d5 4.exd5 exd5 5.Be3 Qb6 6.Qc1 Nc6 7.Nf3 Nf6 8.Be2 
Bd6 9.dxc5 Bxc5 10.Bxc5 Qxc5 11.O-O O-O 12.Nbd2 Re8 13.Nb3 Qb6 14.Nfd4 Bd7
15.Re1 Re7 16.Bf1 Rxe1 17.Qxe1 Nxd4 18.cxd4 Re8 19.Qa5 Qxa5 20.Nxa5 b6 21.
Nb3 Ba4 22.f3 g6 23.Kf2 Re7 24.Rc1 Ne8 25.Rc8 Kg7 26.Rd8 Nc7 27.Bd3 Ne6 
28.Rd6 Rc7 29.Ke3 Bc6 30.a4 Bxa4 31.Nd2 Bc6 32.Nb1 Re7 33.Nc3 Nc5+ 34.Kd2 
Nb3+ 35.Kd1 Nxd4 36.Nxd5 Bxd5 37.Rxd5 Ne6 38.g3 Nc5 39.Bb5 Re3 40.Be2 a5 
41.Kd2 Rb3 42.Kc2 Rb4 43.Rd1 Kf6 44.Bf1 h5 45.Be2 Ke5 46.Bf1 g5 47.Re1+ 
Kd4 48.Re7 f5 49.Rf7 Ke5 50.Rh7 Ne6 51.Rxh5 Nd4+ 52.Kc1 Ra4 53.Bd3 Nxf3 
54.h4 Rd4 55.Be2 g4 56.Rh8 Nd2 57.h5 Kf6 58.Rg8 Ne4 59.Bb5 Kf7 60.Rb8 Rd6 
61.Be8+ Kg7 62.Rb7+ Kh6 0-1

[Event "30th Capablanca Memorial"]
[Site "Matanzas City CUB"]
[Date "1995.??.??"]
[Round "7"]
[White "Nogueiras Santiago, Jesus"]
[Black "Garcia, Gildardo"]
[Result "1/2-1/2"]
[WhiteElo "2550"]
[BlackElo "2520"]
[EventDate "1995.05.??"]
[PlyCount "58"]

1.d4 d5 2.c4 e6 3.Nf3 Nf6 4.g3 Bb4+ 5.Bd2 Be7 6.Bg2 O-O 7.O-O Nbd7 8.Qc2 
c6 9.Bf4 Nh5 10.Bc1 Nhf6 11.b3 b6 12.Rd1 Ba6 13.a4 Rc8 14.a5 c5 15.axb6 
Qxb6 16.Qa2 Bb7 17.Ba3 Rfe8 18.e3 Ne4 19.dxc5 Bxc5 20.Bxc5 Ndxc5 21.Qxa7 
Qc7 22.Qa5 Nxb3 23.Qxc7 Rxc7 24.Ra7 dxc4 25.Ne5 c3 26.Bxe4 Bxe4 27.Rxc7 c2
28.Nc3 cxd1=Q+ 29.Nxd1 f6 1/2-1/2

[Event "30th Capablanca Memorial"]
[Site "Matanzas City CUB"]
[Date "1995.??.??"]
[Round "8"]
[White "Cifuentes Parada, Roberto"]
[Black "Blanco Fernandez, Alvaro"]
[Result "1/2-1/2"]
[WhiteElo "2535"]
[BlackElo "2455"]
[EventDate "1995.05.??"]
[PlyCount "109"]

1.c4 e6 2.g3 d5 3.Nf3 Nf6 4.Bg2 Be7 5.O-O O-O 6.d4 c6 7.Qc2 Nbd7 8.b3 b6 
9.Rd1 Ba6 10.Nbd2 Rc8 11.e4 dxe4 12.Nxe4 Nxe4 13.Qxe4 b5 14.Qc2 bxc4 15.
bxc4 Qa5 16.Bd2 Qa3 17.Bf4 c5 18.d5 exd5 19.cxd5 Bf6 20.Ng5 g6 21.Rab1 Ne5
22.Ne4 Bg7 23.Rb3 Qa5 24.Nd6 Rb8 25.Qe4 Rxb3 26.axb3 Qc3 27.Rc1 Qb2 28.Bf1
Bxf1 29.Rxf1 Nd7 30.Qe7 Nb6 31.Nc4 Qxb3 32.Nxb6 Qxb6 33.Bc7 Qb5 34.d6 Re8 
35.Qg5 Bd4 36.Qd5 Qd7 37.Kg2 h5 38.h3 Kg7 39.Rd1 Re5 40.Qb7 Re2 41.Rf1 Qf5
42.Qf3 Rd2 43.Qxf5 gxf5 44.d7 Bf6 45.Rc1 Rxd7 46.Rxc5 Kg6 47.h4 Re7 48.Bf4
Bd4 49.Rc4 Bb6 50.Kf3 Re6 51.Be3 Bxe3 52.fxe3 Ra6 53.Rc8 Kg7 54.Kf4 Re6 
55.Ra8 1/2-1/2

[Event "30th Capablanca Memorial"]
[Site "Matanzas City CUB"]
[Date "1995.??.??"]
[Round "8"]
[White "Sorin, Ariel"]
[Black "Hoffman, Alejandro"]
[Result "1/2-1/2"]
[WhiteElo "2505"]
[BlackElo "2515"]
[EventDate "1995.05.??"]
[PlyCount "105"]

1.d4 Nf6 2.c4 e6 3.Nf3 d5 4.Nc3 Be7 5.Bg5 O-O 6.e3 Nbd7 7.Rc1 dxc4 8.Bxc4 
a6 9.a4 c5 10.O-O cxd4 11.Nxd4 Qa5 12.Bh4 Ne5 13.Be2 Ng6 14.Bg3 e5 15.Nf3 
Rd8 16.Qb3 Be6 17.Bc4 Bxc4 18.Qxc4 h6 19.Rfd1 Rdc8 20.Qb3 Rc7 21.Ne2 Rac8 
22.Rxc7 Rxc7 23.Nc3 Bf8 24.h3 Qc5 25.Rd8 Qe7 26.Rb8 Rd7 27.Bh4 Nxh4 28.
Nxh4 Kh7 29.Nf5 Qb4 30.Qc2 g6 31.Ng3 Kg7 32.Nge4 Nxe4 33.Nxe4 Be7 34.Nc3 
Qc4 35.Qe4 Qxe4 36.Nxe4 f5 37.Nc3 e4 38.Kf1 Bf6 39.Rc8 Kf7 40.Ke2 Be5 41.
Rc5 Ke6 42.Rc8 Kf7 43.Rc5 Bd6 44.Rc8 Rc7 45.Rxc7+ Bxc7 46.Nd5 Be5 47.b3 
Ke6 48.Nb6 Bc7 49.Nc4 Kd5 50.Na3 Ba5 51.h4 Bb4 52.Nc2 Bc5 53.g3 1/2-1/2

[Event "30th Capablanca Memorial"]
[Site "Matanzas City CUB"]
[Date "1995.??.??"]
[Round "8"]
[White "Borges Matos, Juan"]
[Black "Zapata Ramirez, Alonso"]
[Result "1-0"]
[WhiteElo "2400"]
[BlackElo "2535"]
[EventDate "1995.05.??"]
[PlyCount "85"]

1.d4 Nf6 2.c4 d6 3.Nf3 Nbd7 4.Nc3 c6 5.e4 e5 6.Be2 g6 7.O-O Bg7 8.Bg5 h6 
9.Be3 Ng4 10.Bc1 O-O 11.h3 Ngf6 12.Be3 exd4 13.Bxd4 Re8 14.Qc2 Qe7 15.Rfe1
Ne5 16.Rad1 Nh5 17.Be3 Be6 18.Qd2 Nxc4 19.Bxc4 Bxc4 20.Bxh6 Bxh6 21.Qxh6 
Qf6 22.Rd4 d5 23.Qd2 Rad8 24.b3 c5 25.e5 Qe6 26.Rg4 d4 27.Qh6 dxc3 28.Ng5 
Qf5 29.Rxc4 Rd2 30.Nf3 Rd3 31.Re3 c2 32.Rxd3 Qxd3 33.Qe3 Qd1+ 34.Kh2 b6 
35.Qc3 Nf4 36.Qxc2 Qxc2 37.Rxc2 Nd3 38.Re2 f6 39.Rd2 Nxe5 40.Nxe5 Rxe5 41.
Rd7 Re2 42.Rxa7 Rxa2 43.Rxa2 1-0

[Event "30th Capablanca Memorial"]
[Site "Matanzas City CUB"]
[Date "1995.??.??"]
[Round "9"]
[White "Arencibia Rodriguez, Walter"]
[Black "Cifuentes Parada, Roberto"]
[Result "0-1"]
[WhiteElo "2435"]
[BlackElo "2535"]
[EventDate "1995.05.??"]
[PlyCount "52"]

1.d4 d5 2.Nf3 Nf6 3.c4 c6 4.cxd5 cxd5 5.Nc3 Nc6 6.Bf4 a6 7.e3 Bg4 8.Be2 e6
9.h3 Bxf3 10.Bxf3 Bd6 11.Bxd6 Qxd6 12.O-O O-O 13.Qd2 Rac8 14.Rac1 Rc7 15.
Na4 Rfc8 16.Nc5 e5 17.dxe5 Nxe5 18.Nb3 Nxf3+ 19.gxf3 Re8 20.Rxc7 Qxc7 21.
Qd4 Re5 22.Qf4 h6 23.Nd4 Nh5 24.Qh4 Rg5+ 25.Kh1 Qe7 26.Nf5 Qf6 0-1

[Event "30th Capablanca Memorial"]
[Site "Matanzas City CUB"]
[Date "1995.??.??"]
[Round "9"]
[White "Blanco Fernandez, Alvaro"]
[Black "Garcia, Gildardo"]
[Result "1-0"]
[WhiteElo "2455"]
[BlackElo "2520"]
[EventDate "1995.05.??"]
[PlyCount "95"]

1.c4 Nf6 2.Nc3 e6 3.Nf3 d5 4.d4 Be7 5.Bg5 h6 6.Bf4 O-O 7.e3 c5 8.dxc5 Bxc5
9.cxd5 Nxd5 10.Nxd5 exd5 11.Bd3 Bb4+ 12.Ke2 Be6 13.Bc2 Nd7 14.Qd3 Nf6 15.
Be5 Ne4 16.Bxg7 Kxg7 17.Qd4+ Qf6 18.Qxb4 Rac8 19.Bd3 Bg4 20.h3 a5 21.Qa3 
Bxf3+ 22.gxf3 Nc5 23.Rhg1+ Kh8 24.Rad1 d4 25.Bb1 Rfd8 26.Rg4 d3+ 27.Bxd3 
Nxd3 28.Rxd3 Rc2+ 29.Kf1 Qa6 30.Rd4 Rc1+ 31.Ke2 Rg8 32.Kd2 Rf1 33.Qc3 Kh7 
34.Rf4 Qe6 35.Ke2 Rgg1 36.Rg4 Re1+ 37.Qxe1 Rxe1+ 38.Kxe1 Qxa2 39.Rd2 Qb1+ 
40.Ke2 b5 41.Rgd4 Qc1 42.R4d3 a4 43.Rc3 Qb1 44.Rc5 Kg7 45.h4 Kh7 46.h5 Kg7
47.e4 Kf6 48.Rxb5 1-0

[Event "30th Capablanca Memorial"]
[Site "Matanzas City CUB"]
[Date "1995.??.??"]
[Round "9"]
[White "Hoffman, Alejandro"]
[Black "Lima, Darcy"]
[Result "1-0"]
[WhiteElo "2515"]
[BlackElo "2505"]
[EventDate "1995.05.??"]
[PlyCount "77"]

1.d4 Nf6 2.Nf3 g6 3.c4 Bg7 4.Nc3 O-O 5.e4 d6 6.Be2 c5 7.O-O Nc6 8.d5 Na5 
9.Bg5 h6 10.Bd2 e5 11.b3 Ne8 12.g3 Bh3 13.Re1 a6 14.Nh4 Rb8 15.Qc2 Bd7 16.
Nd1 b5 17.Ne3 Nb7 18.Bc3 Qe7 19.Bd3 Nf6 20.Nhg2 Rfe8 21.Rf1 Ra8 22.Rae1 b4
23.Bb2 a5 24.Nd1 a4 25.f4 axb3 26.axb3 Ra5 27.Nf2 Rea8 28.Qe2 Nh7 29.Bb1 
h5 30.Ne3 Ra3 31.Bxa3 bxa3 32.f5 Bh6 33.Nfd1 Ng5 34.Nc3 Qd8 35.Ned1 Qb6 
36.h4 Nh7 37.g4 hxg4 38.Qxg4 Kh8 39.Re2 1-0

[Event "30th Capablanca Memorial"]
[Site "Matanzas City CUB"]
[Date "1995.??.??"]
[Round "9"]
[White "Zapata Ramirez, Alonso"]
[Black "Sorin, Ariel"]
[Result "1/2-1/2"]
[WhiteElo "2535"]
[BlackElo "2505"]
[EventDate "1995.05.??"]
[PlyCount "107"]

1.e4 e5 2.Nf3 Nc6 3.Bb5 a6 4.Ba4 Nf6 5.O-O Nxe4 6.d4 b5 7.Bb3 d5 8.dxe5 
Be6 9.Nbd2 Nc5 10.c3 Bg4 11.Bc2 Qd7 12.Re1 Rd8 13.Nb3 Be7 14.Be3 Na4 15.
Qb1 Rb8 16.Nbd4 Nxd4 17.Nxd4 g6 18.h3 Be6 19.f4 c5 20.f5 cxd4 21.fxe6 fxe6
22.cxd4 Rf8 23.Re2 Qd8 24.Bd3 Kd7 25.Qc1 Qa5 26.Qe1 Qxe1+ 27.Raxe1 Nb6 28.
b3 Nc8 29.Rc2 Na7 30.Rec1 Rfc8 31.Rxc8 Rxc8 32.a4 Rxc1+ 33.Bxc1 bxa4 34.
bxa4 a5 35.Kf2 Bd8 36.Ba3 Bb6 37.Bb2 Ke7 38.Ke3 Nc6 39.Kf4 Bxd4 40.Bxd4 
Nxd4 41.Kg5 Nb3 42.Kh6 Nc5 43.Bc2 Nd7 44.Kxh7 Nxe5 45.h4 Kd6 46.Bd1 Ke7 
47.Kg7 d4 48.g4 d3 49.h5 gxh5 50.gxh5 Nd7 51.h6 Nf6 52.Kg6 e5 53.Kf5 e4 
54.h7 1/2-1/2

[Event "30th Capablanca Memorial"]
[Site "Matanzas City CUB"]
[Date "1995.??.??"]
[Round "10"]
[White "Cifuentes Parada, Roberto"]
[Black "Garcia, Gildardo"]
[Result "1/2-1/2"]
[WhiteElo "2535"]
[BlackElo "2520"]
[EventDate "1995.05.??"]
[PlyCount "80"]

1.d4 d5 2.c4 e6 3.Nf3 c5 4.cxd5 exd5 5.g3 Nc6 6.Bg2 Nf6 7.O-O Be7 8.Be3 c4
9.Ne5 O-O 10.b3 cxb3 11.Qxb3 Na5 12.Qa4 Be6 13.Bd2 Nc4 14.Nxc4 dxc4 15.e3 
Bd5 16.Bxd5 Qxd5 17.Nc3 Qe6 18.Qb5 Rfb8 19.d5 Qc8 20.a4 a6 21.Qb1 Qh3 22.
f3 Bd6 23.Qe1 Re8 24.Rb1 Rab8 25.Qe2 Be5 26.Rfd1 Rbd8 27.e4 Bxc3 28.Bxc3 
Nxd5 29.Ba1 c3 30.Qf2 Ne3 31.Rxd8 Rxd8 32.Bxc3 Nd1 33.Qb6 Rd3 34.Qc7 h6 
35.Rxb7 Rxf3 36.Qd8+ Kh7 37.Qxd1 Rxc3 38.Rxf7 Qe6 39.Qd5 Qb6+ 40.Kg2 Rc5 
1/2-1/2

[Event "30th Capablanca Memorial"]
[Site "Matanzas City CUB"]
[Date "1995.??.??"]
[Round "10"]
[White "Lima, Darcy"]
[Black "Zapata Ramirez, Alonso"]
[Result "0-1"]
[WhiteElo "2505"]
[BlackElo "2535"]
[EventDate "1995.05.??"]
[PlyCount "100"]

1.e4 c5 2.c3 d5 3.exd5 Qxd5 4.d4 Nc6 5.Nf3 Bg4 6.Be2 cxd4 7.cxd4 e6 8.Nc3 
Qa5 9.O-O Nf6 10.h3 Bh5 11.a3 Rd8 12.Qb3 Qc7 13.Bg5 Bxf3 14.Bxf3 Nxd4 15.
Qxb7 Qxb7 16.Bxb7 Be7 17.Rad1 O-O 18.Be3 Rd7 19.Ba6 Rfd8 20.Rxd4 Rxd4 21.
Bxd4 Rxd4 22.b4 Rd6 23.Bb7 Rd2 24.Nb5 Rc2 25.Bf3 a6 26.Nd4 Ra2 27.Rc1 Rxa3
28.Rc8+ Bf8 29.Nc6 g6 30.Ra8 Kg7 31.Ra7 Bd6 32.Kf1 Ne8 33.Rb7 Nc7 34.Rb6 
Nb5 35.Rb7 h5 36.Rd7 Kf6 37.Nd8 Nd4 38.Rxf7+ Kg5 39.h4+ Kh6 40.g4 Nxf3 41.
g5+ Nxg5 42.hxg5+ Kxg5 43.Nxe6+ Kh6 44.f4 h4 45.Kg2 Bxb4 46.Ng5 Kh5 47.Ne4
h3+ 48.Kh2 Kg4 49.Nf2+ Kf3 50.f5 Bd6+ 0-1

[Event "30th Capablanca Memorial"]
[Site "Matanzas City CUB"]
[Date "1995.??.??"]
[Round "10"]
[White "Rodriguez Cespedes, Amador"]
[Black "Hoffman, Alejandro"]
[Result "1/2-1/2"]
[WhiteElo "2520"]
[BlackElo "2515"]
[EventDate "1995.05.??"]
[PlyCount "54"]

1.e4 e6 2.d4 d5 3.Nc3 Nf6 4.Bg5 dxe4 5.Nxe4 Be7 6.Bxf6 gxf6 7.Bc4 b6 8.Nf3
Bb7 9.Qe2 c6 10.O-O-O Qc7 11.Rhe1 Nd7 12.Kb1 O-O-O 13.Ba6 Bxa6 14.Qxa6+ 
Kb8 15.c4 Rhe8 16.Qa4 f5 17.Nc3 Bf6 18.Re3 Rg8 19.g3 Kb7 20.Ne2 a6 21.Nf4 
b5 22.Qc2 Nb6 23.cxb5 cxb5 24.Rc3 Nc4 25.Qe2 Qb6 26.Rcd3 Rc8 27.Ne5 Rc7 
1/2-1/2

[Event "30th Capablanca Memorial"]
[Site "Matanzas City CUB"]
[Date "1995.??.??"]
[Round "11"]
[White "Blanco Fernandez, Alvaro"]
[Black "Borges Matos, Juan"]
[Result "1/2-1/2"]
[WhiteElo "2455"]
[BlackElo "2400"]
[EventDate "1995.05.??"]
[PlyCount "23"]

1.e4 c6 2.d4 d5 3.Nc3 dxe4 4.Nxe4 Bf5 5.Ng3 Bg6 6.h4 h6 7.Nf3 Nd7 8.h5 Bh7
9.Bd3 Bxd3 10.Qxd3 Ngf6 11.Bd2 e6 12.Ne4 1/2-1/2

[Event "30th Capablanca Memorial"]
[Site "Matanzas City CUB"]
[Date "1995.??.??"]
[Round "11"]
[White "Hoffman, Alejandro"]
[Black "Arencibia Rodriguez, Walter"]
[Result "1/2-1/2"]
[WhiteElo "2515"]
[BlackElo "2435"]
[EventDate "1995.05.??"]
[PlyCount "117"]

1.e4 c6 2.d4 d5 3.e5 Bf5 4.c4 e6 5.Nc3 Nd7 6.a3 Ne7 7.c5 Qc7 8.f4 h5 9.Be2
Bg6 10.Be3 Nf5 11.Bf2 Be7 12.Nf3 b6 13.b4 bxc5 14.bxc5 Qa5 15.Qd2 Rb8 16.
O-O O-O 17.Nxd5 Qxd2 18.Nxe7+ Nxe7 19.Nxd2 Rb2 20.Rfd1 Nd5 21.Bf3 Rfb8 22.
Nc4 Rc2 23.Rdc1 Rxc1+ 24.Rxc1 Nxf4 25.Na5 Be4 26.Rf1 Nh3+ 27.gxh3 Bxf3 28.
Be1 Bd5 29.Bb4 f6 30.exf6 gxf6 31.Kf2 Kf7 32.Rg1 e5 33.dxe5 Nxe5 34.Rd1 
Ke6 35.Rd4 f5 36.Ke3 Rg8 37.Bc3 Rg2 38.Rd2 Rxd2 39.Bxd2 Ng6 40.Nb7 f4+ 41.
Kf2 Ke5 42.Bc3+ Ke4 43.Nd6+ Kd3 44.Bf6 Nf8 45.Be5 Ne6 46.Ne8 Ng5 47.Bxf4 
Ne4+ 48.Ke1 Nxc5 49.Nf6 Bf7 50.Kf2 Nb3 51.Nd7 Be6 52.Nf6 c5 53.Nxh5 Bxh3 
54.Bb8 Bg4 55.Nf6 Be6 56.Bxa7 c4 57.Be3 c3 58.Bf4 c2 59.Ke1 1/2-1/2

[Event "30th Capablanca Memorial"]
[Site "Matanzas City CUB"]
[Date "1995.??.??"]
[Round "11"]
[White "Zapata Ramirez, Alonso"]
[Black "Rodriguez Cespedes, Amador"]
[Result "1-0"]
[WhiteElo "2535"]
[BlackElo "2520"]
[EventDate "1995.05.??"]
[PlyCount "103"]

1.e4 c6 2.d4 d5 3.Nc3 dxe4 4.Nxe4 Bf5 5.Ng3 Bg6 6.h4 h6 7.Nf3 Nf6 8.Ne5 
Bh7 9.Bc4 e6 10.Qe2 Nd5 11.Qh5 Qc7 12.O-O Bd6 13.Re1 O-O 14.Qg4 Nf6 15.Qf3
Nbd7 16.Nxd7 Nxd7 17.Ne4 Bxe4 18.Rxe4 Nf6 19.Re2 Nd5 20.Bb3 b5 21.c3 Rae8 
22.Bd2 Re7 23.g3 Rfe8 24.Rae1 Qd7 25.Bc2 Bc7 26.Qd3 f5 27.Qf3 a6 28.a4 Bb8
29.Bb3 Bd6 30.Bc2 Bb8 31.Bb3 Bd6 32.Qd3 Rb8 33.axb5 axb5 34.Qf3 Rbe8 35.
Bc2 Bb8 36.Qh5 Kh8 37.Qg6 Qd6 38.Kg2 Qd7 39.Bc1 Bd6 40.Bd2 c5 41.dxc5 Bxc5
42.Bc1 Qc6 43.f3 Qd7 44.Re5 Bd6 45.Rxd5 exd5 46.Rxe7 Qxe7 47.Bxf5 Kg8 48.
Bxh6 Qf7 49.Qh7+ Kf8 50.Qh8+ Qg8 51.Bxg7+ Ke7 52.Qh6 1-0

[Event "30th Capablanca Memorial"]
[Site "Matanzas City CUB"]
[Date "1995.??.??"]
[Round "12"]
[White "Arencibia Rodriguez, Walter"]
[Black "Zapata Ramirez, Alonso"]
[Result "1-0"]
[WhiteElo "2435"]
[BlackElo "2535"]
[EventDate "1995.05.??"]
[PlyCount "79"]

1.d4 Nf6 2.c4 c5 3.e3 g6 4.Nf3 Bg7 5.Nc3 O-O 6.Be2 d6 7.O-O Nc6 8.d5 Na5 
9.e4 a6 10.Re1 b5 11.cxb5 axb5 12.Bxb5 Qb6 13.a4 Ba6 14.Rb1 Ng4 15.h3 Ne5 
16.Nxe5 Bxe5 17.Bd2 Nc4 18.Bh6 Rfb8 19.Qd3 Bxb5 20.axb5 Na5 21.Ra1 Nb3 22.
Ra3 Rxa3 23.bxa3 Qa5 24.Rb1 Nd4 25.Ne2 Nxe2+ 26.Qxe2 Qxa3 27.b6 Qa4 28.b7 
f5 29.exf5 gxf5 30.f4 Bd4+ 31.Kh2 Qd7 32.Qa6 Kf7 33.Bg5 Bg7 34.Qc6 Ke8 35.
Bxe7 Kxe7 36.Re1+ Be5 37.fxe5 Rxb7 38.exd6+ Kd8 39.Qxc5 Qa4 40.Qc6 1-0

[Event "30th Capablanca Memorial"]
[Site "Matanzas City CUB"]
[Date "1995.??.??"]
[Round "12"]
[White "Borges Matos, Juan"]
[Black "Garcia, Gildardo"]
[Result "1-0"]
[WhiteElo "2400"]
[BlackElo "2520"]
[EventDate "1995.05.??"]
[PlyCount "114"]

1.d4 d5 2.c4 e6 3.Nc3 c5 4.cxd5 exd5 5.Nf3 Nc6 6.g3 Nf6 7.Bg2 Be7 8.O-O 
O-O 9.Bg5 cxd4 10.Nxd4 h6 11.Be3 Re8 12.Rc1 Bf8 13.Nxc6 bxc6 14.Na4 Bd7 
15.Bc5 Qa5 16.Bxf8 Kxf8 17.Qc2 Kg8 18.Nc5 Bg4 19.Rfe1 Rab8 20.b3 Re7 21.e3
Rbe8 22.h3 Bh5 23.Qb2 Bg6 24.Red1 Bf5 25.Rd4 Qc7 26.Qc3 h5 27.Na6 Qb7 28.
Rf4 Qxa6 29.Rxf5 Re6 30.Rf4 Ne4 31.Bxe4 dxe4 32.Rf5 Qxa2 33.Rxh5 Rf6 34.
Qc2 Qxc2 35.Rxc2 Rd6 36.Rhc5 Ree6 37.Ra5 Re7 38.Ra6 Rc7 39.b4 g6 40.g4 g5 
41.Ra5 f6 42.Rac5 a6 43.Ra5 Ra7 44.Kg2 Kf7 45.Kg3 Kg6 46.Rc4 Re6 47.Rc2 
Rd6 48.h4 Kh6 49.hxg5+ fxg5 50.Rcc5 Rb7 51.Rxg5 Rxb4 52.Rh5+ Kg6 53.Rxa6 
Rc4 54.Raa5 Rf6 55.Rag5+ Kf7 56.Rf5 Rc2 57.Rh6 Ke6 1-0

[Event "30th Capablanca Memorial"]
[Site "Matanzas City CUB"]
[Date "1995.??.??"]
[Round "13"]
[White "Garcia, Gildardo"]
[Black "Sorin, Ariel"]
[Result "1-0"]
[WhiteElo "2520"]
[BlackElo "2505"]
[EventDate "1995.05.??"]
[PlyCount "79"]

1.e4 e5 2.Nf3 Nc6 3.Bb5 a6 4.Ba4 Nf6 5.O-O Nxe4 6.d4 b5 7.Bb3 d5 8.dxe5 
Be6 9.c3 Be7 10.Nbd2 O-O 11.Bc2 f5 12.exf6 Nxf6 13.Nb3 Qd7 14.Nfd4 Nxd4 
15.Qxd4 Bf5 16.Bb1 Rae8 17.Bg5 c6 18.Bh4 Nh5 19.Bg3 Nxg3 20.hxg3 Bd6 21.
Qd2 Bg4 22.Nd4 c5 23.Nf3 Bb8 24.Qd3 Rf5 25.Bc2 Rh5 26.Rae1 Rf8 27.Nh2 Be6 
28.Bd1 Rh6 29.Nf3 Bf5 30.Qd2 Kh8 31.Qg5 Be4 32.Nh4 Qd8 33.Qe3 Rxh4 34.gxh4
Qxh4 35.Qh3 Qf4 36.g3 Qc7 37.Re3 Rf6 38.Rfe1 Rh6 39.Qg2 Kg8 40.Bf3 1-0